000 00707nam a22002177a 4500
003 UA-OsUOA
001 104833
007 ta
008 20140129b un ||||| |||| 00| 0 ukr d
100 _aАбушенко В.
090 _a316
_bА17
942 _cSA
040 _aUA-OsUOA
_bukr
_cUA-OsUOA
_dUA-OsUOA
245 _aПострадянська соціологія: мультипарадигмальність і "туга" за теоретичним синтезом
300 _aС.54-69
955 _a0
041 _aukr
080 _a316
773 0 _w104831
_tСоціологія: теорія, методи, маркетинг
_dК.
_d2013
_g4
650 7 _a316 Соціологія
_2UDC
999 _c391126
_d391126